Govt. of
Madhya Pradesh

आरोग्‍य शास्‍त्र (Record no. 49888)

MARC details
000 -LEADER
fixed length control field 00507nam a22001577a 4500
003 - CONTROL NUMBER IDENTIFIER
control field macl
005 - DATE AND TIME OF LATEST TRANSACTION
control field 20150619153355.0
008 - FIXED-LENGTH DATA ELEMENTS--GENERAL INFORMATION
fixed length control field 150619b xxu||||| |||| 00| 0 eng d
040 ## - CATALOGING SOURCE
Transcribing agency macl
082 ## - DEWEY DECIMAL CLASSIFICATION NUMBER
Classification number 610
100 ## - MAIN ENTRY--PERSONAL NAME
Personal name शास्‍त्री, आ चन्‍द्रशेखर
9 (RLIN) 285
245 ## - TITLE STATEMENT
Title आरोग्‍य शास्‍त्र
260 ## - PUBLICATION, DISTRIBUTION, ETC. (IMPRINT)
Place of publication, distribution, etc. दिल्‍ली
Name of publisher, distributor, etc. पुस्‍तक सदन
Date of publication, distribution, etc. 395
650 ## - SUBJECT ADDED ENTRY--TOPICAL TERM
Topical term or geographic name as entry element मेडिकल सांइस
9 (RLIN) 242
942 ## - ADDED ENTRY ELEMENTS (KOHA)
Source of classification or shelving scheme
Koha item type Hindi Books

No items available.